00853nam a22002295i 4500001000700000003000900007005001700016008004100033080000900074080001300083100002400096245017500120260005300295300002100348490005700369650003000426650002800456710002900484830004300513852004100556852002600597176459ES-MaACL20250829131836.0110117s1967 sp |||| | spa d a2:37 a27-534.41 aMathieu, Dominique.13aLa parábola del fariseo y del recaudador b: orientaciones bíblicas y reflexiones pedagógicas para una iniciación al sentido del pecado / cpor Dominique Mathieu. aMadrid : bApostolado de la prensa, cimp. 1967. a28 p. ; c23 cm.1 aCuadernos de pedagogía religiosa. Escritura ; v16 4aReligión-xEnseñanza. aParábolas cristianas.0 aApostolado de la Prensa.00aCuadernos de pedagogía religiosav16 aES-MaACLjE-14073 (16) xOlim P-1242 aES-MaACLjC-37117(16)